| 000 | 00459nam a22001817a 4500 | ||
|---|---|---|---|
| 999 |
_c10293 _d10293 |
||
| 003 | GBCCL | ||
| 005 | 20241126110729.0 | ||
| 008 | 240527b ||||| |||| 00| 0 eng d | ||
| 020 | _a9781014889263 | ||
| 040 | _cGBC | ||
| 082 |
_a264.23 _bALE |
||
| 100 |
_aAlexander, Charles M _917886 |
||
| 245 | _aAlexander's hymns. No. 3 | ||
| 260 |
_aLondon : _bFleming H Revell company, _cnd |
||
| 300 | _a305p | ||
| 650 |
_aHymns, _vEnglish _917887 |
||
| 942 |
_2ddc _cBK |
||